000 00461nam a22001697a 4500
003 NUST - PNEC
005 20170116181010.0
008 150913b xxu||||| |||| 00| 0 eng d
020 _a-
040 _cLIBRARY
082 _a004.5 SRA
100 _910113
_aScience research association
245 _aComputing systems funamentals techniques
_cScience research association
260 _cc.1967
650 _910115
_aComputing systems
_xMIS
942 _2ddc
_cBK
999 _c67054
_d67054